| 000 | 00907cam a2200241 4500 | ||
|---|---|---|---|
| 001 | J472 | ||
| 008 | 090401t1991 xxu||||| |||| 00| 0 eng d | ||
| 035 | _a(Sirsi) u75186 | ||
| 041 | _aeng | ||
| 050 | _a346.4104342 | ||
| 100 | _aJones, Richard | ||
| 245 | 2 | _aA practical guide to residential service charges: a handbook on law and practice in the light of the Landlord and Tenant Acts 1985 and 1987 and subsequent amendments. | |
| 260 |
_aLondon _bISVA _c1991 |
||
| 300 | _a69p. ; 21cm. | ||
| 350 | _a9.9 | ||
| 650 | _aLANDLORD AND TENANT ACT 1985 | ||
| 650 | _aLANDLORD AND TENANT ACT 1987 | ||
| 650 | _aPROPERTY-RESIDENTIAL PROPERTY-RESIDENTIAL LANDLORD AND TENANT-RESIDENTIAL TENANCIES | ||
| 690 | _aPROPERTY-RESIDENTIAL PROPERTY-RESIDENTIAL LANDLORD AND TENANT-RESIDENTIAL TENANCIES | ||
| 710 |
_aIncorporated Society of Valuers and Auctioneers _91201 |
||
| 942 | _n0 | ||
| 948 | _c04/03/1997 | ||
| 999 |
_c95971 _d95971 |
||